ბათუმის შოთა რუსთაველის სახელმწიფო უნივერსიტეტის ბიბლიოთეკა

Грамматика французского языка / (ბიბ.ჩანაწერი № 36185)

000 -LEADER
fixed length control field 00690nam a2200205Ia 4500
001 - CONTROL NUMBER
control field 2087
003 - CONTROL NUMBER IDENTIFIER
control field GE_BSU
005 - DATE AND TIME OF LATEST TRANSACTION
control field 20221024113540.0
008 - FIXED-LENGTH DATA ELEMENTS--GENERAL INFORMATION
fixed length control field 181216s2001ru xx |||||||||||||| ||rus||
040 ## - CATALOGING SOURCE
Transcribing agency GE_BSU
041 ## - LANGUAGE CODE
Language code of text/sound track or separate title rus
Language code of original fr
080 ## - UNIVERSAL DECIMAL CLASSIFICATION NUMBER
Universal Decimal Classification number 811.133.1(075.8) М-91
245 ## - TITLE STATEMENT
Title Грамматика французского языка /
Statement of responsibility, etc. Под ред.В.Г.Гака,
264 ## - PRODUCTION, PUBLICATION, DISTRIBUTION, MANUFACTURE, AND COPYRIGHT NOTICE
Place of production, publication, distribution, manufacture Москва :
Name of producer, publisher, distributor, manufacturer Рольф,
Date of production, publication, distribution, manufacture, or copyright notice 2001.
300 ## - PHYSICAL DESCRIPTION
Extent 256 стр. :
Other physical details 20 см.
653 ## - INDEX TERM--UNCONTROLLED
keyword Грамматика французского языка
653 ## - INDEX TERM--UNCONTROLLED
keyword ფრანგული გრამატიკა
700 ## - ADDED ENTRY--PERSONAL NAME
Personal name Гака,В.Г.
Relator term რედაქტორი
9 (RLIN) 15470
942 ## - ADDED ENTRY ELEMENTS (KOHA)
Koha item type წიგნი
Source of classification or shelving scheme
ეგზემპლარები
Withdrawn status Lost status Source of classification or shelving scheme Damaged status Not for loan Permanent Location Current Location Shelving location Date acquired Cost, normal purchase price Full call number Barcode Date last seen Copy number Price effective from Koha item type Public note
          ბათუმის შოთა რუსთაველის სახელმწიფო უნივერსიტეტის მთავარი ბიბლიოთეკა ბათუმის შოთა რუსთაველის სახელმწიფო უნივერსიტეტის მთავარი ბიბლიოთეკა წიგნსაცავი 2018-12-17 6.00 811.133.1(075.8) М-91 4364 2018-12-17 4364 2018-12-17 წიგნი 6.00